000 00694nam a2200241 i 4500
001 13789
003 ES-MaACL
005 20230906150649.0
007 t|
008 980706s1997 sp ||||1| spa d
020 _a84-7880-875-2
080 _a159.923.2
100 1 _aDesviat, Manuel.
_943961
245 1 0 _aNuestra forma de ser
_b: las claves de la personalidad, el carácter y el temperamento /
_cManuel Desviat.
250 _a1ª ed.
260 _aMadrid :
_bTemas de Hoy,
_c1997.
300 _a255 p. ;
_c21 cm.
490 1 _aFin de siglo
650 1 4 _aPersonalidad.
_915971
830 0 _aFin de siglo
_9179377
852 _aES-MaACL
_jL-21232
_bR.126706
999 _c13789
_d13789